[Event "Quebec-ch classe"]
[Site "Montreal CAN"]
[Date "2007.10.05"]
[Round "1"]
[White "Chevalier, Francois"]
[Black "Jobin, Gilles"]
[Result "0-1"]
[WhiteElo "1832"]
[BlackElo "1883"]
[PlyCount "88"]
[GameId "2160767910578995"]
[EventDate "2007.10.05"]
[EventType "swiss"]
[EventRounds "5"]
[EventCountry "CAN"]
[SourceTitle "hb 2016"]

1. d4 Nf6 2. Nf3 g6 3. Bg5 Ne4 4. Bh4 Bg7 5. Nbd2 d5 6. c3 Nd6 7. e3 Nd7 8. Be2 c6 9. O-O O-O 10. Qc2 Nf5 11. Bg3 Nxg3 12. hxg3 f5 13. c4 Nf6 14. Ne5 Ne4 15. Nxe4 fxe4 16. f4 Be6 17. c5 Qc8 18. b4 a5 19. a3 Bxe5 20. dxe5 Bg4 21. Qd1 h5 22. Bxg4 hxg4 23. Qd4 Qf5 24. Rab1 axb4 25. axb4 Ra3 26. Rbd1 Rfa8 27. Ra1 Kf7 28. Rxa3 Rxa3 29. Re1 Rb3 30. Qd2 Rd3 31. Qa2 Qd7 32. Kf2 g5 33. Rh1 gxf4 34. exf4 e3+ 35. Ke1 Qf5 36. Qb2 Rd2 37. e6+ Kxe6 38. Rh6+ Kd7 39. Qa1 Qd3 40. Rd6+ exd6 41. Qg7+ Ke6 42. Qg8+ Kf6 43. Qh8+ Kf7 44. Qh5+ Qg6 0-1

[Event "Quebec-ch classe"]
[Site "Montreal CAN"]
[Date "2007.10.06"]
[Round "2"]
[White "Wilkin, Alain"]
[Black "Jobin, Gilles"]
[Result "0-1"]
[WhiteElo "1965"]
[BlackElo "1883"]
[PlyCount "128"]
[GameId "2160767910578996"]
[EventDate "2007.10.05"]
[EventType "swiss"]
[EventRounds "5"]
[EventCountry "CAN"]
[SourceTitle "hb 2016"]

1. e4 e5 2. Nf3 Nc6 3. Bb5 a6 4. Ba4 Nf6 5. O-O Be7 6. Re1 b5 7. Bb3 d6 8. c3 Na5 9. Bc2 c5 10. a4 Bg4 11. axb5 axb5 12. b4 cxb4 13. cxb4 Nc4 14. Rxa8 Qxa8 15. d3 Nb6 16. Nc3 Qc6 17. Bd2 O-O 18. Bb3 Rd8 19. h3 Be6 20. Bxe6 fxe6 21. Qb3 Qd7 22. Be3 Na4 23. Na2 h6 24. Bd2 Kf7 25. d4 exd4 26. e5 Nd5 27. Nxd4 dxe5 28. Nf3 Bf6 29. Rxe5 Qd6 30. Re2 Rc8 31. g3 Nac3 32. Nxc3 Nxc3 33. Re1 Qd5 34. Qxd5 Nxd5 35. Ne5+ Bxe5 36. Rxe5 Rc4 37. f4 Rd4 38. Be1 Kf6 39. Kf2 g5 40. Re2 gxf4 41. gxf4 Rxf4+ 42. Kg3 h5 43. Bd2 h4+ 44. Kg2 e5 45. Kh2 Rc4 46. Be1 Kf5 47. Rf2+ Ke6 48. Rb2 Re4 49. Rb1 Re2+ 50. Kh1 Re3 51. Bd2 Rxh3+ 52. Kg2 Rg3+ 53. Kf2 e4 54. Rh1 e3+ 55. Bxe3 Rxe3 56. Rxh4 Rb3 57. Rh6+ Nf6 58. Rh4 Kd5 59. Ke2 Ne4 60. Rh5+ Kc4 61. Re5 Nc3+ 62. Kd2 Rb2+ 63. Kc1 Rxb4 64. Rh5 Kb3 0-1

[Event "Quebec-ch classe"]
[Site "Montreal CAN"]
[Date "2007.10.06"]
[Round "3"]
[White "Jobin, Gilles"]
[Black "Gaulin, Gaetan"]
[Result "0-1"]
[WhiteElo "1883"]
[BlackElo "1964"]
[PlyCount "64"]
[GameId "2160767910578997"]
[EventDate "2007.10.05"]
[EventType "swiss"]
[EventRounds "5"]
[EventCountry "CAN"]
[SourceTitle "hb 2016"]

1. e4 c5 2. Nf3 d6 3. d4 cxd4 4. Nxd4 Nf6 5. Nc3 a6 6. Bg5 e6 7. Be2 Nbd7 8. Qd2 Qc7 9. O-O Be7 10. f4 O-O 11. f5 e5 12. Nb3 b5 13. a3 Bb7 14. Bf3 Rac8 15. Rf2 Nb6 16. Na5 Ba8 17. Rd1 Rfd8 18. Be3 d5 19. Bxb6 Qxb6 20. Nxd5 Bxd5 21. exd5 e4 22. b4 exf3 23. gxf3 Rxd5 24. Qe2 Rxd1+ 25. Qxd1 Rd8 26. Qe2 Nd5 27. Qe4 Bg5 28. Kg2 Nf4+ 29. Kg3 Bh4+ 30. Kxf4 Rd4 31. Re2 h5 32. Ke3 Rd8+ 0-1

[Event "Quebec-ch classe"]
[Site "Montreal CAN"]
[Date "2007.10.07"]
[Round "4"]
[White "Petit, Raymond"]
[Black "Jobin, Gilles"]
[Result "1-0"]
[WhiteElo "1863"]
[BlackElo "1883"]
[PlyCount "100"]
[GameId "2160767910578998"]
[EventDate "2007.10.05"]
[EventType "swiss"]
[EventRounds "5"]
[EventCountry "CAN"]
[SourceTitle "hb 2016"]

1. d4 Nf6 2. c4 g6 3. Nc3 Bg7 4. e4 d6 5. f4 Nbd7 6. Nf3 c5 7. d5 O-O 8. Be2 a6 9. a4 Rb8 10. Qc2 Qa5 11. Bd2 Ng4 12. h3 Nh6 13. g4 Kh8 14. O-O Qc7 15. Bd3 Nb6 16. Rae1 Bd7 17. b3 Rbe8 18. e5 Nxg4 19. hxg4 Bxg4 20. e6 fxe6 21. dxe6 Qc8 22. Ng5 Bd4+ 23. Kg2 Rf6 24. Nd5 Nxd5 25. cxd5 Kg7 26. Nf3 Qb8 27. Nxd4 cxd4 28. f5 Rc8 29. Qb1 b5 30. axb5 Qb7 31. bxa6 Qxd5+ 32. Be4 Qb5 33. Bg5 gxf5 34. Bxf6+ Kxf6 35. a7 Qa5 36. a8=Q Rxa8 37. Bxa8 Qxa8+ 38. Qe4 Qa2+ 39. Kg3 Qxb3+ 40. Rf3 Bxf3 41. Qxf3 Qc3 42. Qxc3 dxc3 43. Rc1 Kxe6 44. Rxc3 Kd5 45. Kf4 e6 46. Rd3+ Kc5 47. Rh3 Kd4 48. Rxh7 e5+ 49. Kxf5 e4 50. Rd7 d5 1-0

[Event "Quebec-ch classe"]
[Site "Montreal CAN"]
[Date "2007.10.07"]
[Round "5"]
[White "Jobin, Gilles"]
[Black "Lavoie, Eric"]
[Result "0-1"]
[WhiteElo "1883"]
[BlackElo "1868"]
[PlyCount "122"]
[GameId "2160767910578999"]
[EventDate "2007.10.05"]
[EventType "swiss"]
[EventRounds "5"]
[EventCountry "CAN"]
[SourceTitle "hb 2016"]

1. e4 e6 2. d4 d5 3. Nc3 dxe4 4. Nxe4 Bd7 5. Bd3 Bc6 6. Nf3 Nd7 7. Bf4 Ngf6 8. Qe2 Nxe4 9. Bxe4 Bxe4 10. Qxe4 c6 11. O-O Nf6 12. Qd3 Be7 13. Rfe1 O-O 14. Rad1 c5 15. c4 cxd4 16. Nxd4 Qb6 17. Qc2 Rfd8 18. Nb5 Rxd1 19. Rxd1 Rc8 20. Qe2 a6 21. Nd6 Bxd6 22. Bxd6 Qc6 23. Be7 h6 24. b3 Ne4 25. Qe3 Re8 26. Ba3 Nf6 27. f3 Qc7 28. Bd6 Qa5 29. a3 Rd8 30. b4 Qf5 31. g4 Nxg4 32. Qe4 Qxe4 33. fxe4 f6 34. c5 Ne5 35. Kf2 Nc4 36. a4 Kf7 37. Rd4 Nxd6 38. cxd6 b5 39. a5 e5 40. Rd2 Ke6 41. Ke3 Rxd6 42. Rc2 Kd7 43. Rg2 g5 44. Rf2 Ke6 45. Rc2 f5 46. exf5+ Kxf5 47. Rc8 Kg4 48. Rc5 Kh3 49. Ke4 Kxh2 50. Kxe5 Rd3 51. Rc6 Rh3 52. Kf5 Rh4 53. Rxa6 g4 54. Rg6 g3 55. a6 Rxb4 56. Rxh6+ Kg1 57. Ke5 g2 58. Kd5 Kf2 59. Rf6+ Kg3 60. Kc5 g1=Q+ 61. Kxb4 Qd4+ 0-1

[Event "Quebec-ch classe U1700"]
[Site "Shawinigan CAN"]
[Date "2007.10.05"]
[Round "1"]
[White "Cloutier, Richard"]
[Black "Martin, Robert"]
[Result "1/2-1/2"]
[WhiteElo "1687"]
[BlackElo "1545"]
[PlyCount "65"]
[GameId "2160767910578991"]
[EventDate "2007.10.06"]
[EventType "swiss"]
[EventRounds "5"]
[EventCountry "CAN"]
[SourceTitle "hb 2016"]

1. e4 e5 2. Nf3 Nc6 3. Bb5 a6 4. Ba4 Nf6 5. O-O Be7 6. Re1 b5 7. Bb3 O-O 8. c3 d5 9. exd5 Nxd5 10. Nxe5 Nxe5 11. Rxe5 Nf6 12. d4 Bd6 13. Re1 Ng4 14. g3 Nxh2 15. Kxh2 Qh4+ 16. Kg2 Qh3+ 17. Kg1 Bxg3 18. fxg3 Qxg3+ 19. Kh1 Bg4 20. Qxg4 Qxg4 21. Bd2 Qh3+ 22. Kg1 Qg3+ 23. Kh1 Qf3+ 24. Kg1 Rae8 25. Na3 Re2 26. Rxe2 Qxe2 27. Rd1 h5 28. Nb1 h4 29. Re1 Qg4+ 30. Kh1 Qf3+ 31. Kh2 Qf2+ 32. Kh1 Qf3+ 33. Kh2 1/2-1/2

[Event "Quebec-ch classe U1700"]
[Site "Shawinigan CAN"]
[Date "2007.10.06"]
[Round "2"]
[White "Martin, Robert"]
[Black "Lemieux, Michel"]
[Result "1/2-1/2"]
[WhiteElo "1545"]
[BlackElo "1779"]
[PlyCount "69"]
[GameId "2160767910578992"]
[EventDate "2007.10.06"]
[EventType "swiss"]
[EventRounds "5"]
[EventCountry "CAN"]
[SourceTitle "hb 2016"]

1. e4 Nf6 2. e5 Nd5 3. Nc3 e6 4. Nxd5 exd5 5. d4 d6 6. Nf3 Nc6 7. Bb5 Be7 8. Bf4 O-O 9. c3 Bg4 10. Bxc6 bxc6 11. h3 Bh5 12. g4 Bg6 13. O-O Qd7 14. Bg3 h5 15. Nh4 Be4 16. f4 hxg4 17. Qxg4 Qxg4 18. hxg4 Bxh4 19. Bxh4 f6 20. Bg3 f5 21. g5 Kf7 22. Rf2 Rh8 23. Rh2 Rxh2 24. Bxh2 Rh8 25. Re1 Rh3 26. Re2 c5 27. Rd2 c4 28. Kf1 Bd3+ 29. Kg2 Rh5 30. Bg3 Be4+ 31. Kf2 Rh1 32. Ke3 Rf1 33. Rf2 Rg1 34. Bh2 Ra1 35. a3 1/2-1/2

[Event "Quebec-ch classe U1700"]
[Site "Shawinigan CAN"]
[Date "2007.10.06"]
[Round "3"]
[White "Trottier, Emile"]
[Black "Martin, Robert"]
[Result "1-0"]
[WhiteElo "1600"]
[BlackElo "1545"]
[PlyCount "62"]
[GameId "2160767910578993"]
[EventDate "2007.10.06"]
[EventType "swiss"]
[EventRounds "5"]
[EventCountry "CAN"]
[SourceTitle "hb 2016"]

1. e4 e5 2. Nf3 Nc6 3. Bb5 a6 4. Bxc6 dxc6 5. O-O Bg4 6. h3 h5 7. d3 Bxf3 8. Qxf3 Bc5 9. Nc3 Qf6 10. Qxf6 Nxf6 11. Bg5 Nh7 12. Be3 Bd4 13. Bxd4 exd4 14. Ne2 Rd8 15. e5 Ng5 16. f4 Ne6 17. Rae1 O-O 18. Ng3 g6 19. Ne4 Ng7 20. Nf6+ Kh8 21. g4 Ne8 22. Ne4 f5 23. Ng5 Ng7 24. gxh5 gxh5 25. h4 Rde8 26. Kh2 Ne6 27. Nxe6 Rxe6 28. Rg1 Kh7 29. Rg5 Kh6 30. Reg1 Rf7 31. Rg8 Ree7 1-0

[Event "Quebec-ch classe U1700"]
[Site "Shawinigan CAN"]
[Date "2007.10.07"]
[Round "5"]
[White "Martin, Robert"]
[Black "Piche, Marc"]
[Result "1-0"]
[WhiteElo "1545"]
[BlackElo "1524"]
[PlyCount "67"]
[GameId "2160767910578994"]
[EventDate "2007.10.06"]
[EventType "swiss"]
[EventRounds "5"]
[EventCountry "CAN"]
[SourceTitle "hb 2016"]

1. e4 e5 2. f4 d5 3. Nf3 exf4 4. exd5 Bd6 5. Be2 Nh6 6. Nc3 O-O 7. Ne4 Re8 8. Nxd6 Qxd6 9. d4 Nf5 10. O-O Ne3 11. Bxe3 fxe3 12. Ne5 f6 13. Bd3 Rxe5 14. dxe5 Qxe5 15. Qe2 Nd7 16. Rae1 Nc5 17. Qxe3 Qxe3+ 18. Rxe3 Nxd3 19. cxd3 Bg4 20. Rc1 Rc8 21. Re7 Bf5 22. Rcxc7 Rd8 23. d6 b5 24. Rxa7 Kf8 25. Rf7+ Kg8 26. Rxg7+ Kh8 27. Rgf7 Bxd3 28. Rxf6 Bg6 29. Kf2 b4 30. a3 b3 31. Re7 Kg8 32. Ke3 Bc2 33. d7 Bg6 34. Rxg6+ 1-0

[Event "Quebec-ch qual. 1"]
[Site "Montreal CAN"]
[Date "2007.05.04"]
[Round "1"]
[White "Chesnut, Walter"]
[Black "Malveau, Cedric"]
[Result "0-1"]
[WhiteElo "1567"]
[BlackElo "2013"]
[PlyCount "92"]
[GameId "2160767910684655"]
[EventDate "2007.05.04"]
[EventType "swiss"]
[EventRounds "5"]
[EventCountry "CAN"]
[SourceTitle "EXT 2022"]
[Source "ChessBase"]
[SourceDate "2021.10.06"]
[SourceVersion "1"]
[SourceVersionDate "2021.10.06"]
[SourceQuality "1"]

1. d4 Nf6 2. c4 e6 3. Nf3 Bb4+ 4. Bd2 Qe7 5. g3 Ne4 6. a3 Bxd2+ 7. Nbxd2 f5 8. Bg2 O-O 9. O-O a5 10. Qc2 Nxd2 11. Nxd2 d6 12. e3 Nd7 13. Rac1 e5 14. c5 dxc5 15. Bd5+ Kh8 16. dxc5 Nf6 17. Bg2 e4 18. b4 axb4 19. axb4 Be6 20. Ra1 Nd5 21. Qb2 Qf6 22. Qxf6 Nxf6 23. Rfc1 Rfd8 24. Rxa8 Rxa8 25. Bf1 Ra2 26. Nc4 Ng4 27. Rd1 h6 28. Rd2 Ra1 29. Kg2 Rxf1 30. Kxf1 Bxc4+ 31. Kg2 c6 32. Rd6 Bd5 33. b5 Nf6 34. bxc6 bxc6 35. Kf1 Nd7 36. Rxd5 cxd5 37. c6 Nb6 38. Ke2 Kg8 39. Kd2 Kf7 40. Kc3 Ke6 41. Kb4 Kd6 42. Kb5 Nc8 43. c7 Kxc7 44. Kc5 Ne7 45. h3 h5 46. Kd4 Kd6 0-1

[Event "Quebec-ch qual. 1"]
[Site "Montreal CAN"]
[Date "2007.05.04"]
[Round "1"]
[White "Frangulian, Eric"]
[Black "Torkan, Behnam"]
[Result "0-1"]
[WhiteElo "1539"]
[BlackElo "1904"]
[PlyCount "44"]
[GameId "2160767910684656"]
[EventDate "2007.05.04"]
[EventType "swiss"]
[EventRounds "5"]
[EventCountry "CAN"]
[SourceTitle "EXT 2022"]
[Source "ChessBase"]
[SourceDate "2021.10.06"]
[SourceVersion "1"]
[SourceVersionDate "2021.10.06"]
[SourceQuality "1"]

1. e4 c5 2. Nf3 e6 3. d4 cxd4 4. Nxd4 a6 5. Nc3 Qc7 6. Be3 Bb4 7. Qd3 Nf6 8. Bd2 Nc6 9. f3 Ne5 10. Qe3 b5 11. Bd3 Bb7 12. Nb3 h6 13. a3 Be7 14. Qe2 Rc8 15. O-O O-O 16. Rac1 Nc4 17. Bxc4 bxc4 18. Nd4 Qb6 19. Qf2 d5 20. e5 Nd7 21. Rfe1 Bc5 22. Na4 Bxd4 0-1

[Event "Quebec-ch qual. 1"]
[Site "Montreal CAN"]
[Date "2007.05.04"]
[Round "1"]
[White "Houska, Jiri"]
[Black "Pregent, Daniel"]
[Result "1/2-1/2"]
[WhiteElo "2085"]
[BlackElo "1792"]
[PlyCount "64"]
[GameId "2160767910684657"]
[EventDate "2007.05.04"]
[EventType "swiss"]
[EventRounds "5"]
[EventCountry "CAN"]
[SourceTitle "EXT 2022"]
[Source "ChessBase"]
[SourceDate "2021.10.06"]
[SourceVersion "1"]
[SourceVersionDate "2021.10.06"]
[SourceQuality "1"]

1. d4 Nf6 2. Nf3 e6 3. c4 d5 4. Nc3 Bb4 5. Bg5 h6 6. Bxf6 Qxf6 7. Qa4+ Nc6 8. Ne5 O-O 9. Nxc6 Bxc3+ 10. bxc3 Bd7 11. cxd5 exd5 12. e3 bxc6 13. Bd3 Qg5 14. g3 Rfe8 15. Qc2 Bh3 16. Bf1 Bxf1 17. Kxf1 Re4 18. Kg2 Rae8 19. Rab1 Qe7 20. Rb7 a5 21. Ra7 h5 22. h4 g5 23. Qe2 g4 24. Rb1 Rxd4 25. Rbb7 Qe4+ 26. Kh2 Rc4 27. Rxc7 Rxc3 28. Rxf7 Rc2 29. Rg7+ Kh8 30. Rh7+ Kg8 31. Rag7+ Kf8 32. Rf7+ Kg8 1/2-1/2

[Event "Quebec-ch qual. 1"]
[Site "Montreal CAN"]
[Date "2007.05.04"]
[Round "1"]
[White "Kieu, Marc-Andre"]
[Black "Brunet, Guy"]
[Result "1-0"]
[WhiteElo "1874"]
[BlackElo "1534"]
[PlyCount "43"]
[GameId "2160767910684658"]
[EventDate "2007.05.04"]
[EventType "swiss"]
[EventRounds "5"]
[EventCountry "CAN"]
[SourceTitle "EXT 2022"]
[Source "ChessBase"]
[SourceDate "2021.10.06"]
[SourceVersion "1"]
[SourceVersionDate "2021.10.06"]
[SourceQuality "1"]

1. e4 c6 2. d4 d5 3. Nc3 dxe4 4. Nxe4 Nd7 5. Nf3 Ngf6 6. Ng3 e6 7. Bd3 Be7 8. Bd2 O-O 9. Qe2 c5 10. O-O-O Re8 11. Bc4 Bf8 12. Ne5 cxd4 13. Bf4 Nb6 14. Bb5 Re7 15. Bg5 a6 16. Ne4 Rc7 17. Ng4 Be7 18. Nexf6+ Bxf6 19. Bxf6 gxf6 20. Nh6+ Kg7 21. Qg4+ Kxh6 22. Rd3 1-0

[Event "Quebec-ch qual. 1"]
[Site "Montreal CAN"]
[Date "2007.05.04"]
[Round "1"]
[White "Soskic, Milan"]
[Black "Roy, Myriam"]
[Result "0-1"]
[WhiteElo "1418"]
[BlackElo "1867"]
[PlyCount "44"]
[GameId "2160767910684660"]
[EventDate "2007.05.04"]
[EventType "swiss"]
[EventRounds "5"]
[EventCountry "CAN"]
[SourceTitle "EXT 2022"]
[Source "ChessBase"]
[SourceDate "2021.10.06"]
[SourceVersion "1"]
[SourceVersionDate "2021.10.06"]
[SourceQuality "1"]

1. d4 d5 2. Nf3 Nf6 3. e3 c5 4. b3 Nc6 5. Bb2 Bg4 6. Be2 e6 7. h3 Bh5 8. Nbd2 Be7 9. a3 Rc8 10. O-O O-O 11. Ne5 Bxe2 12. Qxe2 Qc7 13. f4 Rfd8 14. g4 Ne4 15. Nxe4 dxe4 16. c3 cxd4 17. cxd4 Nxe5 18. dxe5 Qc2 19. Rf2 Qxb3 20. Kg2 Bc5 21. Rc1 Bxe3 22. Rxc8 Rxc8 0-1

[Event "Quebec-ch qual. 1"]
[Site "Montreal CAN"]
[Date "2007.05.05"]
[Round "2"]
[White "Cloutier, Mathieu"]
[Black "Girouard, Michel"]
[Result "0-1"]
[WhiteElo "2065"]
[BlackElo "1879"]
[PlyCount "76"]
[GameId "2160767910684661"]
[EventDate "2007.05.04"]
[EventType "swiss"]
[EventRounds "5"]
[EventCountry "CAN"]
[SourceTitle "EXT 2022"]
[Source "ChessBase"]
[SourceDate "2021.10.06"]
[SourceVersion "1"]
[SourceVersionDate "2021.10.06"]
[SourceQuality "1"]

1. e4 g6 2. d4 Bg7 3. Nf3 c6 4. Bd3 d5 5. e5 Bg4 6. h3 Bxf3 7. Qxf3 e6 8. O-O c5 9. c4 Nc6 10. cxd5 Nxd4 11. Qe3 Qxd5 12. f4 Ne7 13. Nc3 Qd7 14. Rd1 a6 15. Ne4 O-O 16. Nxc5 Qd5 17. Ne4 Rfd8 18. Nc3 Qc5 19. Kh2 Nd5 20. Nxd5 Rxd5 21. Be4 Rd7 22. b4 Qxb4 23. a3 Qa4 24. Rxd4 Rxd4 25. Bc2 Qd7 26. Rb1 b5 27. Bb2 Rd2 28. Be4 Rd8 29. Bc3 Rd1 30. Rb4 Qc7 31. a4 Bf8 32. Rb3 Qc4 33. Ba5 R8d4 34. Bf3 R1d3 35. Rxd3 Rxd3 36. Qe2 Qxf4+ 37. Kh1 Re3 38. Qd2 Qxe5 0-1

[Event "Quebec-ch qual. 1"]
[Site "Montreal CAN"]
[Date "2007.05.05"]
[Round "2"]
[White "Malveau, Cedric"]
[Black "Kieu, Marc-Andre"]
[Result "1-0"]
[WhiteElo "2013"]
[BlackElo "1874"]
[PlyCount "83"]
[GameId "2160767910684663"]
[EventDate "2007.05.04"]
[EventType "swiss"]
[EventRounds "5"]
[EventCountry "CAN"]
[SourceTitle "EXT 2022"]
[Source "ChessBase"]
[SourceDate "2021.10.06"]
[SourceVersion "1"]
[SourceVersionDate "2021.10.06"]
[SourceQuality "1"]

1. e4 e5 2. Nf3 Nc6 3. Bc4 Be7 4. d3 Nf6 5. a4 d6 6. h3 Be6 7. Nbd2 d5 8. Bb5 Qd6 9. b3 dxe4 10. dxe4 O-O-O 11. Ba3 Nb4 12. c3 Qb6 13. Bxb4 Bxb4 14. cxb4 Nxe4 15. Qe2 Nxd2 16. Nxd2 Qd4 17. Rd1 Qxb4 18. Bc4 Bxc4 19. Qxc4 Rd4 20. Qxb4 Rxb4 21. Rc1 Rd8 22. Rc4 Rd4 23. Rxb4 Rxb4 24. Ke2 b5 25. axb5 Rxb5 26. Rc1 Kb7 27. Rc3 f6 28. Ke3 c5 29. Ke4 Kc6 30. Rd3 Rb4+ 31. Nc4 a5 32. Rd6+ Kc7 33. Kd5 Rxb3 34. Kxc5 Rc3 35. Rd2 g5 36. Kb5 a4 37. Ne3 Rc6 38. Kxa4 Rd6 39. Rxd6 Kxd6 40. Kb5 Ke6 41. Kc5 f5 42. g4 1-0

[Event "Quebec-ch qual. 1"]
[Site "Montreal CAN"]
[Date "2007.05.05"]
[Round "2"]
[White "Pregent, Daniel"]
[Black "Papineau (Montreal), Daniel"]
[Result "1/2-1/2"]
[WhiteElo "1792"]
[BlackElo "1879"]
[PlyCount "62"]
[GameId "2160767910684664"]
[EventDate "2007.05.04"]
[EventType "swiss"]
[EventRounds "5"]
[EventCountry "CAN"]

1. d4 Nf6 2. Nf3 e6 3. e3 b6 4. Be2 Bb7 5. O-O Be7 6. c4 O-O 7. Nc3 d6 8. Qc2 c5 9. Rd1 Nbd7 10. b3 Rc8 11. Bb2 Qc7 12. Rac1 Qb8 13. d5 e5 14. Ng5 h6 15. Nf3 g6 16. Bd3 Ne8 17. e4 Ng7 18. g4 Nf6 19. h3 Rce8 20. Nh2 Nh7 21. Rf1 Bc8 22. Ne2 f5 23. exf5 gxf5 24. gxf5 Bxf5 25. Bxf5 Nxf5 26. Ng3 Qc8 27. Ng4 Bg5 28. Rce1 Kg7 29. Ne4 Bf4 30. Qd3 Qd7 31. Kh1 Kh8 1/2-1/2

[Event "Quebec-ch qual. 1"]
[Site "Montreal CAN"]
[Date "2007.05.05"]
[Round "2"]
[White "Roy, Myriam"]
[Black "Houska, Jiri"]
[Result "1/2-1/2"]
[WhiteElo "1867"]
[BlackElo "2085"]
[PlyCount "80"]
[GameId "2160767910684665"]
[EventDate "2007.05.04"]
[EventType "swiss"]
[EventRounds "5"]
[EventCountry "CAN"]
[SourceTitle "EXT 2022"]
[Source "ChessBase"]
[SourceDate "2021.10.06"]
[SourceVersion "1"]
[SourceVersionDate "2021.10.06"]
[SourceQuality "1"]

1. e4 c5 2. Nf3 d6 3. d4 cxd4 4. Nxd4 Nf6 5. Nc3 g6 6. Be2 Bg7 7. Be3 O-O 8. O-O Nc6 9. Qd2 d5 10. exd5 Nxd5 11. Nxd5 Nxd4 12. Bc4 Nf5 13. Rad1 Nxe3 14. Qxe3 e6 15. Nc3 Qc7 16. Qd3 a6 17. a4 Bd7 18. Bxa6 Bxc3 19. Qxd7 Qxd7 20. Rxd7 Rxa6 21. bxc3 Rxa4 22. Rxb7 Ra2 23. Rc1 Rd8 24. g3 Rd2 25. Kg2 Kg7 26. Kf3 Kf6 27. Ke3 Raxc2 28. Rxc2 Rxc2 29. Rc7 h5 30. h4 e5 31. c4 Ke6 32. c5 Kd5 33. Rxf7 Rc3+ 34. Kd2 Rxc5 35. Rf6 Rc6 36. Rxc6 Kxc6 37. Ke3 Kd5 38. f3 Ke6 39. Ke4 Kf6 40. g4 Ke6 1/2-1/2

[Event "Quebec-ch qual. 1"]
[Site "Montreal CAN"]
[Date "2007.05.05"]
[Round "3"]
[White "Girouard, Michel"]
[Black "Malveau, Cedric"]
[Result "1/2-1/2"]
[WhiteElo "1879"]
[BlackElo "2013"]
[PlyCount "62"]
[GameId "2160767910684667"]
[EventDate "2007.05.04"]
[EventType "swiss"]
[EventRounds "5"]
[EventCountry "CAN"]
[SourceTitle "EXT 2022"]
[Source "ChessBase"]
[SourceDate "2021.10.06"]
[SourceVersion "1"]
[SourceVersionDate "2021.10.06"]
[SourceQuality "1"]

1. g3 g6 2. Bg2 Bg7 3. e4 c5 4. d3 Nc6 5. f4 d6 6. Nf3 e6 7. O-O Nge7 8. c3 O-O 9. Be3 b6 10. Bf2 Bb7 11. Re1 Qc7 12. Na3 a6 13. Nc2 Rac8 14. Qe2 Qb8 15. Rad1 Qc7 16. d4 cxd4 17. Ncxd4 Nxd4 18. Nxd4 Nc6 19. Nxc6 Qxc6 20. Rd2 Rfd8 21. Red1 Rd7 22. Bd4 Bxd4+ 23. Rxd4 Qc5 24. Kh1 b5 25. Qd2 Rcd8 26. Qd3 d5 27. e5 a5 28. Bf1 Bc6 29. h3 Rc7 30. Kh2 Bd7 31. a3 Qb6 1/2-1/2

[Event "Quebec-ch qual. 1"]
[Site "Montreal CAN"]
[Date "2007.05.05"]
[Round "3"]
[White "Kieu, Marc-Andre"]
[Black "Le Duin, Thierry"]
[Result "0-1"]
[WhiteElo "1874"]
[BlackElo "2100"]
[PlyCount "82"]
[GameId "2160767910684668"]
[EventDate "2007.05.04"]
[EventType "swiss"]
[EventRounds "5"]
[EventCountry "CAN"]
[SourceTitle "EXT 2022"]
[Source "ChessBase"]
[SourceDate "2021.10.06"]
[SourceVersion "1"]
[SourceVersionDate "2021.10.06"]
[SourceQuality "1"]

1. e4 d5 2. exd5 Nf6 3. d4 Bg4 4. f3 Bf5 5. Bd3 Qxd5 6. c4 Qd7 7. Ne2 Nc6 8. a3 O-O-O 9. Be3 Nxd4 10. Nxd4 Bxd3 11. Qxd3 e5 12. O-O Bc5 13. Rd1 Bxd4 14. Nc3 c5 15. Bxd4 Qxd4+ 16. Qxd4 exd4 17. Ne2 Rhe8 18. Kf2 Kc7 19. b4 b6 20. Nf4 Kc6 21. Nd3 Re3 22. bxc5 bxc5 23. Rab1 Nd7 24. Rb5 Rb8 25. a4 a6 26. Rxb8 Nxb8 27. Nf4 Rc3 28. Nh5 g6 29. Nf6 Rxc4 30. Nxh7 Rxa4 31. Ng5 f6 32. Nh7 Nd7 33. g4 Kd5 34. h4 c4 35. g5 fxg5 36. hxg5 Ra2+ 37. Kg3 d3 38. f4 Ke6 39. f5+ Kxf5 40. Rf1+ Ke6 41. Re1+ Re2 0-1

[Event "Quebec-ch qual. 1"]
[Site "Montreal CAN"]
[Date "2007.05.05"]
[Round "3"]
[White "Pregent, Daniel"]
[Black "Cloutier, Mathieu"]
[Result "0-1"]
[WhiteElo "1792"]
[BlackElo "2065"]
[PlyCount "66"]
[GameId "2160767910684669"]
[EventDate "2007.05.04"]
[EventType "swiss"]
[EventRounds "5"]
[EventCountry "CAN"]
[SourceTitle "EXT 2022"]
[Source "ChessBase"]
[SourceDate "2021.10.06"]
[SourceVersion "1"]
[SourceVersionDate "2021.10.06"]
[SourceQuality "1"]

1. d4 Nf6 2. Nf3 c5 3. d5 e6 4. c4 exd5 5. cxd5 d6 6. Nc3 g6 7. e4 Bg7 8. Bd3 O-O 9. h3 b5 10. O-O a6 11. Bf4 Re8 12. Re1 b4 13. Nb1 Nh5 14. Bc1 Nd7 15. Nbd2 Nb6 16. Nc4 Nxc4 17. Bxc4 Nf6 18. e5 dxe5 19. Nxe5 Qd6 20. f4 Nd7 21. Nc6 Bb7 22. Rxe8+ Rxe8 23. Qf3 Nb6 24. Na5 Bxd5 25. Bxd5 Qxd5 26. Qxd5 Nxd5 27. Nc4 Re4 28. Nd6 Re1+ 29. Kf2 Rd1 30. Ke2 Rg1 31. Kf3 Bd4 32. f5 gxf5 33. Nc4 Rf1+ 0-1

[Event "Quebec-ch qual. 1"]
[Site "Montreal CAN"]
[Date "2007.05.06"]
[Round "4"]
[White "Brunet, Guy"]
[Black "Pregent, Daniel"]
[Result "0-1"]
[WhiteElo "1534"]
[BlackElo "1792"]
[PlyCount "84"]
[GameId "2160767910684671"]
[EventDate "2007.05.04"]
[EventType "swiss"]
[EventRounds "5"]
[EventCountry "CAN"]
[SourceTitle "EXT 2022"]
[Source "ChessBase"]
[SourceDate "2021.10.06"]
[SourceVersion "1"]
[SourceVersionDate "2021.10.06"]
[SourceQuality "1"]

1. d4 Nf6 2. Bg5 h6 3. Bxf6 exf6 4. e4 d5 5. exd5 Qxd5 6. c3 Bd6 7. Nf3 O-O 8. Be2 Re8 9. O-O Nd7 10. Nbd2 Nf8 11. Bc4 Qh5 12. Qb3 Bd7 13. Rfe1 b5 14. Bd3 Ne6 15. Ne4 Nf4 16. Nxd6 cxd6 17. Bf1 Bc6 18. Rxe8+ Rxe8 19. Re1 Nh3+ 20. Kh1 Rxe1 21. Nxe1 Nxf2+ 22. Kg1 Ng4 23. h3 Ne3 24. c4 Nxf1 25. Kxf1 a6 26. Kg1 Qe2 27. Nf3 Qxc4 28. Qxc4 bxc4 29. Nd2 d5 30. Kf2 f5 31. Kf3 g5 32. Ke3 f4+ 33. Ke2 Kg7 34. Nf3 f6 35. Kd2 Kg6 36. Ke2 Bd7 37. Kf2 Bf5 38. Nh2 Bb1 39. a3 h5 40. Kf3 Kf5 41. Kf2 g4 42. hxg4+ hxg4 0-1

[Event "Quebec-ch qual. 1"]
[Site "Montreal CAN"]
[Date "2007.05.06"]
[Round "4"]
[White "Cloutier, Mathieu"]
[Black "Houska, Jiri"]
[Result "1-0"]
[WhiteElo "2065"]
[BlackElo "2085"]
[PlyCount "53"]
[GameId "2160767910684672"]
[EventDate "2007.05.04"]
[EventType "swiss"]
[EventRounds "5"]
[EventCountry "CAN"]
[SourceTitle "EXT 2022"]
[Source "ChessBase"]
[SourceDate "2021.10.06"]
[SourceVersion "1"]
[SourceVersionDate "2021.10.06"]
[SourceQuality "1"]

1. e4 c5 2. Nf3 d6 3. d4 cxd4 4. Nxd4 Nf6 5. Nc3 g6 6. Be3 Bg7 7. f3 O-O 8. Qd2 Nc6 9. Bc4 Bd7 10. O-O-O Rc8 11. Bb3 Ne5 12. h4 h5 13. Bg5 Rc5 14. Kb1 Re8 15. g4 hxg4 16. h5 Nxh5 17. Rxh5 gxh5 18. Qh2 gxf3 19. Qxh5 Bg4 20. Qh4 Qc8 21. Rh1 e6 22. Nf5 Bxf5 23. exf5 Nd7 24. f6 Rxg5 25. fxg7 f6 26. Qh7+ Kf7 27. g8=Q# 1-0